Socioeconoma̕ de la solidaridad Una teora̕ para dar cuenta de las experiencias sociales y econm̤icas alternativas /

Detalles Bibliográficos
Autor principal: Guerra, Pablo
Formato: eBook
Lenguaje:español
Publicado: Medelln̕: Ediciones Universidad Cooperativa de Colombia, 2014
Materias:
Acceso en línea:Acceso restringido

MARC

LEADER 00000nam a22000007a 4500
005 20190813132944.0
007 cr|||| ||||
008 190813s2014 co |||||s|||| 00||0 spa d
020 |a 978-958-760-021-6 
035 |a 24010 
040 |a vLex 
090 |c 9164  |d 9164 
100 1 |a Guerra, Pablo 
245 1 0 |a Socioeconoma̕ de la solidaridad  |h [Recurso electrn̤ico] :  |b Una teora̕ para dar cuenta de las experiencias sociales y econm̤icas alternativas /  |c Pablo Guerra 
256 |a Servicio en ln̕ea 
260 |a Medelln̕:  |b Ediciones Universidad Cooperativa de Colombia,  |c 2014 
300 |a 1 recurso electrn̤ico 
500 |a Desde hace varios aǫs, en el mundo de las ideas y las prc̀ticas econm̤icas alternativas se vienen divulgando conceptos como los de economa̕ solidaria o socioeconoma̕ de la solidaridad —como hemos preferido denominarla en esta obra— para dar cuenta de las numerosas experiencias de hacer economa̕ (en sus diversas fases de produccin̤, distribucin̤, consumo y acumulacin̤) de manera solidaria, con base en valores como la cooperacin̤, la participacin̤ democrt̀ica, la equidad y el cuidado del ambiente. La propuesta de esta obra es que comprendamos cm̤o la economa̕ y la solidaridad pueden trabajarse conjuntamente. Descubriremos entonces la existencia de comportamientos econm̤icos solidarios e incluso de empresas solidarias que en su conjunto forman parte de un sector de la economa̕ diferente tanto del sector capitalista como del sector estatal. La idea de una socioeconoma̕ de la solidaridad remite a la importancia de entender la economa̕ imbricada (Polanyi) en cierta normatividad social. De esta manera, nuestro enfoque se aparta y cuestiona el mal denominado homo oeconomicus, proponiendo una mirada ms̀ compleja y realista sobre nuestras motivaciones socioeconm̤icas, y una teora̕ ms̀ acorde para dar cuenta de una economa̕ plural en la que puedan ser analizados e interpretados los comportamientos y las empresas solidarias (cooperativas, organizaciones de comercio justo, de consumo responsable, de finanzas ťicas, organizaciones econm̤icas populares, redes asociativas, etcťera) desde un plano cientf̕ico en el que confluyen disciplinas como la sociologa̕, la economa̕, la antropologa̕ y la historia econm̤ica. Palabras clave: socioeconoma̕, economa̕ solidaria, economa̕ social, teora̕ econm̤ica, desarrollo humano. 
506 1 |a Disponible solo en los productos indicados  |d vLex Global  |d vLex Global (Academic Edition, excluding Law Schools)  |d vLex Global (U.S. Academic Edition, Law Schools)  |d vLex Global (U.S. Academic Edition, excluding Law Schools)  |d vLex Global (Academic Edition, Law Schools) 
650 0 4 |a Derecho Comunitario  |z Colombia 
650 0 4 |a Economa̕ y negocios  |z Colombia 
740 0 |a vLex Libros (Servicio en ln̕ea) 
856 4 0 |u http://vlex.com/source/socioeconomia-de-la-solidaridad-una-teoria-para-dar-cuenta-de-las-experiencias-sociales-y-economicas-alternativas-24010  |z Acceso restringido 
942 |c BOOK 
999 0 |a Community Law 
999 0 |a Economy and business